| 000 | 01055nam a2200325 a 4500 | ||
|---|---|---|---|
| 001 | 22848 | ||
| 003 | SK-KTurca | ||
| 005 | 20260429132235.0 | ||
| 008 | 120607s2012 xo d 000 f slo d | ||
| 020 | _a9788055128559 (viaz.) | ||
| 035 | _aa000460681 | ||
| 040 |
_aPPPK _bslo _cUKB _eAACR2 |
||
| 041 | 1 |
_aslo _heng |
|
| 044 |
_axo _cSK |
||
| 072 | 7 |
_a821.111(73)-3 _xAmerická próza _2konspekt |
|
| 080 |
_a821.111(73)-31 _22001 |
||
| 080 |
_a(0:82-312.5) _22001 |
||
| 100 | 1 |
_aLindsey, Johanna, _d1952-2017 |
|
| 240 | 1 | 0 |
_aYou belong to me. _lSlovensky |
| 245 | 1 | 0 |
_aPatríš mne _b[druhý horúci príbeh zo studenej Kardínie] _cJohanna Lindseyová ; [z anglického originálu preložila Tamara Chovanová] |
| 260 |
_aBratislava _bIkar _c2012 |
||
| 300 | _a239, [1] s. | ||
| 653 | _a821.111(73)-31 | ||
| 653 | _a(0:82-312.5) | ||
| 655 | 7 |
_aamerické romány _2UKBPH |
|
| 655 | 7 |
_aľúbostné romány _2UKBPH |
|
| 700 | 1 |
_aChovanová, Tamara, _d1953- _4trl |
|
| 942 |
_2ddc _cKLDO _n0 |
||
| 999 |
_c22848 _d22848 |
||